000 00999nam a2200277 a 4500
001 BRL_1275
005 20190320211126.0
008 171213t1983----u--ao#####---#000-0#eng-#
020 _a0865280223
041 _aeng
044 _au
050 4 _aF2230.2.A9
_b.A34 1983
100 1 _aAdelson, Laurie
_926352
245 1 0 _aAymara Waevings
_bceremonial textiles of colonial and 19th century Bolivia
_cby Laurie Adelson and Arthur Tracht.
260 _aUnited States
_bSmithsonian Institution Traveling
_c1983
_g1983
300 _a159 p.
_bil.
_c26 cm.
500 _aAu1659
504 _aBibliografía: p. 152-158
650 1 4 _aIndígenas Aymara
_vExposiciones
_xIndustría textil
_ySiglo XIX
_926353
650 1 4 _aIndígenas de América del Sur
_vExposiciones
_xIndustría textil
_ySiglo XIX
_926354
650 1 4 _aTextiles
_vExposiciones
_ySiglo XIX
_zBolivia
_926355
650 1 4 _aTelas
_vExposiciones
_ySiglo XIX
_zBolivia
_926356
700 1 _aTracht, Arthur
_926357
902 _aGRL
942 _2lcc
_cB
999 _c10087
_d10087